| 000 | 01176nam a22003494a 4500 | ||
|---|---|---|---|
| 999 |
_c7442 _d7442 |
||
| 001 | 991016119969706706 | ||
| 003 | OSt | ||
| 005 | 20211126121850.0 | ||
| 008 | 030206s2002 spca || 000 ||spa| | ||
| 015 |
_aLL2003 _2bnc |
||
| 017 | _aDL B. 37773-2002 | ||
| 020 | _a8497414934 | ||
| 035 | _a(ES-BaCBU)b28993767-34csuc_network | ||
| 035 | _a(ES-BaCBU).b28993767 | ||
| 035 | _a(ccuc001)b28993767 | ||
| 035 | _a(OCoLC)806504730 | ||
| 040 |
_aES-BaCBU _bcat _cES-BaCBU _dCDMR |
||
| 043 |
_ae-sp--- _be-sp--- _2catmarc |
||
| 080 | _a070.487(460)(091) | ||
| 080 | _a946.0"1975/"(084.11) | ||
| 245 | 0 | 3 |
_aEl Jueves : _b25 años saliendo los miércoles |
| 260 |
_aBarcelona : _bEdiciones El Jueves, _c2002 |
||
| 300 |
_a380 p. : _bprincipalment il. (algunes col.); _c32 cm |
||
| 630 | 0 | 7 |
_aJueves (Revista) _xHistòria _y1977-2002 |
| 650 | 0 |
_aHumorisme gràfic _2thub _zCatalunya _vRevistes _xHistòria _y1977-2002 _93162 |
|
| 740 | 3 | _aEl Jueves veinticinco años saliendo los miércoles | |
| 830 | 0 | _aColección Magnum | |
| 907 |
_a.b28993767 _b22-06-21 _c08-05-08 _d06-02-03 _em _fa _g- _hspa _ispc _j3 _k2 |
||
| 908 |
_aBC _aUAB _aUB _aAHCB |
||
| 940 | _aBC | ||
| 942 |
_2udc _cMON |
||